| 000 | 00593nam a22001817a 4500 | ||
|---|---|---|---|
| 005 | 20251108172714.0 | ||
| 008 | 250721s2001 xx 000 0 ara d | ||
| 082 | 1 | 4 | _a344.02/موم |
| 100 | 1 |
_aالمومني، مقبل _eمؤلف |
|
| 245 | 1 | 0 |
_aقانون الضمان الإجتماعي : _bنقد وتحليل للتأمينات الإجتماعية / |
| 264 | 1 |
_aعمان : _c2001. |
|
| 300 | _a60ص | ||
| 650 | 1 | 7 | _aقانون التأمين |
| 650 | 1 | 7 | _aالضمان الإجتماعي |
| 650 | 1 | 7 | _aالتشريعات الإجتماعية |
| 942 |
_2ddc _cBK |
||
| 999 |
_c86431 _d86431 |
||